504 absolutely essential words / (Record no. 18347)

MARC details
000 -LEADER
fixed length control field 00910pam a2200289 a 4500
001 - CONTROL NUMBER
control field 673995
005 - DATE AND TIME OF LATEST TRANSACTION
control field 20140708110826.0
008 - FIXED-LENGTH DATA ELEMENTS--GENERAL INFORMATION
fixed length control field 951211t1996 xxue fr 001 0 eng d
010 ## - LIBRARY OF CONGRESS CONTROL NUMBER
LC control number 95051798
020 ## - INTERNATIONAL STANDARD BOOK NUMBER
International Standard Book Number 0812095308
020 ## - INTERNATIONAL STANDARD BOOK NUMBER
International Standard Book Number 9780812095302
040 ## - CATALOGING SOURCE
Original cataloging agency DLC
Transcribing agency DLC
Modifying agency DLC
-- EG-ScBUE
082 04 - DEWEY DECIMAL CLASSIFICATION NUMBER
Classification number 428.1
Edition number 22
Item number BRO
100 1# - MAIN ENTRY--PERSONAL NAME
Personal name Bromberg, Murray
9 (RLIN) 7865
245 10 - TITLE STATEMENT
Title 504 absolutely essential words /
Statement of responsibility, etc Murray Bromberg, Julius Liebb, Arthur Traiger.
246 3# - VARYING FORM OF TITLE
Title proper/short title Five hundred four absolutely essential words
250 ## - EDITION STATEMENT
Edition statement 4th ed.
260 ## - PUBLICATION, DISTRIBUTION, ETC. (IMPRINT)
Place of publication, distribution, etc Hauppauge, United States :
Name of publisher, distributor, etc Barron's,
Date of publication, distribution, etc c.1996.
300 ## - PHYSICAL DESCRIPTION
Extent iv, 152 p. :
Other physical details plans ;
Dimensions 28 cm.
500 ## - GENERAL NOTE
General note Index : p. 151-152.
650 #0 - SUBJECT ADDED ENTRY--TOPICAL TERM
Topical term or geographic name as entry element Vocabulary
Form subdivision Problems, exercises, etc.
9 (RLIN) 9120
653 ## - INDEX TERM--UNCONTROLLED
Resource For college
Arrived date list July2014
655 ## - INDEX TERM--GENRE/FORM
Form subdivision
-- 34232
700 1# - ADDED ENTRY--PERSONAL NAME
Personal name Liebb, Julius
9 (RLIN) 7868
700 1# - ADDED ENTRY--PERSONAL NAME
Personal name Traiger, Arthur
9 (RLIN) 36045
942 ## - ADDED ENTRY ELEMENTS (KOHA)
Source of classification or shelving scheme Dewey Decimal Classification
Call number prefix 428.1 BRO
Holdings
Withdrawn status Item status Source of classification or shelving scheme Damaged status Not for loan Vendor Home library Current library Shelving location Date acquired Source of acquisition Cost, normal purchase price Serial Enumeration / chronology Total Checkouts Total Renewals Full call number Barcode Date last seen Date last borrowed Cost, replacement price Koha item type
    Dewey Decimal Classification     ILB Central Library Central Library Second Floor 08/07/2014 Purchase 87.50 4033 2 23 428.1 BRO 000036056 15/07/2025 11/10/2014 109.38 Book - Borrowing